Adaptación para niños de la prueba de amplitud lectora de Daneman y Carpenter (PAL-N) (Record no. 147527)

MARC details
000 -CABECERA
campo de control de longitud fija 00707nab a2200229 a 4500
005 - FECHA Y HORA DE LA ÚLTIMA TRANSACCIÓN
campo de control 20210219160924.0
008 - ELEMENTOS DE LONGITUD FIJA--INFORMACIÓN GENERAL
campo de control de longitud fija 991125s1985 mx 000 0 spa u
035 ## - NÚMERO DE CONTROL DEL SISTEMA
Número de control de sistema UPN01000175423
100 1# - ASIENTO PRINCIPAL--NOMBRE PERSONAL
Nombre de persona Carriedo, Nuria
222 ## - TÍTULO CLAVE
Título clave INFANCIA Y APRENDIZAJE =
222 ## - TÍTULO CLAVE
Información calificativa JOURNAL FOR THE STUDY OF EDUCATION AND DEVELOPMENT
245 ## - MENCIÓN DE TÍTULO
Título Adaptación para niños de la prueba de amplitud lectora de Daneman y Carpenter (PAL-N)
260 ## - PUBLICACIÓN, DISTRIBUCIÓN, ETC.
Lugar de publicación, distribución, etc. Madrid, España
300 ## - DESCRIPCIÓN FÍSICA
Extensión 449-465
362 0# - FECHAS DE PUBLICACIÓN Y/O DESIGNACIÓN SECUENCIAL
Fecha de publicación y/o designación secuencial 2009 Vol. 32, no. 3, sept.
653 0# - TERMINO DE INDIZACION - NO CONTROLADO
Término no controlado COMPRENSION LECTORA
653 0# - TERMINO DE INDIZACION - NO CONTROLADO
Término no controlado MEMORIA OPERATIVA
653 0# - TERMINO DE INDIZACION - NO CONTROLADO
Término no controlado DIFERENCIAS INDIVIDUALES
700 1# - ASIENTO SECUNDARIO--NOMBRE DE PERSONAL
Nombre de persona Rucián, Mercedes,
700 1# - ASIENTO SECUNDARIO--NOMBRE DE PERSONAL
Término indicativo de función/relación coaut.
905 ## - TIPO DE MATERIAL
Tipo de material Articulo

No items available.